00499nam a2200157Ia 4500008004100000100002000041245003900061500007600100650001600176650001900192650001500211700002100226942000800247952006900255999001700324180905s9999 xx 000 0 und d aJohn L.Esposito 4aThe Islamic Threat:Myth or Reality aThe Bulletin of Henry Martyn Institute of Islamic Studies Jan-June 1993 aCommunalism aFundamentalism aSecuralism aPackiam T.Samuel cCAR 00104070aHMIbHMId2018-09-05l0r2018-09-05w2018-09-05yCAR c21401d21401